000 00755nam a22002537a 4500
003 DO-SdBNP
005 20230224105850.0
008 171024b 2008 Mx| 00| 0 spa d
020 _a9789708103053
040 _aBPMSU
_bspa
_cBPMSU
082 4 _aB869.3
_bC672a 2008
_222
100 1 _aCoelho, Paulo
_d1947-
245 1 3 _aEl alquimista /
_cPaulo Coelho ; traducción Montserrat Mira
260 _aMéxico :
_bSant Jordi ;
_c2008
300 _a203 p. ;
_c18 cm.
586 _aBest Seller
590 _6Inventariado, 2023/VM
650 4 _aNovela brasileña
650 4 _aÉxito
_vNovela
650 4 _aLibre albedrío y determinismo
_vNovela
700 1 _aMontserrat, Mira,
_etr.
910 _aBTAVAREZ/VMateo V. Control de calidad (BPMSU)
942 _2ddc
_cBK
999 _c12682
_d12682